PASS #1 - Statistiques

Statistiques générales
  • Ce quiz a été pris 5 fois
  • Le résultat moyen est 5 sur 46
Statistiques - réponses
Hint Réponse % Correct
Hormone qui régule le métabolisme du glucose et est sécrétée par le pancréas Insuline
75%
Hormone sécrétée par les glandes surrénales en réponse au stress Adrénaline
50%
Quelle glande produit des hormones thyroïdiennes ? Glande thyroïde
50%
Maintien de l'équilibre interne du corps Homéostasie
50%
Membrane qui entoure les poumons La plèvre
50%
Processus de mort cellulaire programmée Apoptose
25%
Première vertèbre cervicale Atlas
25%
Partie du cerveau responsable de la coordination des mouvements Cervelet
25%
Molécule essentielle pour la fixation de l’oxygène par les globules rouges Hémoglobine
25%
Partie de l’intestin où se fait principalement l’absorption des nutriments Intestin grêle
25%
Cellule osseuse responsable de la résorption osseuse Ostéoclaste
25%
Organe qui produit la majeure partie des enzymes digestives Pancréas
25%
Structure cardiaque qui empêche le reflux du sang du ventricule gauche vers l'oreillette gauche Valve mitrale
25%
Pourcentage moyen d'eau dans le corps humain adulte 60%
0%
Principal neurotransmetteur des synapses cholinergiques Acétylcholine
0%
Nom de la protéine qui compose les microfilaments dans le cytosquelette Actine
0%
Rôle de l’acétylcholine dans la jonction neuromusculaire Activer la contraction musculaire
0%
Enzyme responsable de la synthèse de l'ADN lors de la réplication ADN polymérase
0%
Nom de l’enzyme responsable de la dégradation de l’ATP en ADP + Pi ATPase
0%
Barrière qui protège le cerveau des agents pathogènes et des toxines Barrière hémato-encéphalique
0%
Structure qui contrôle les mouvements volontaires Cortex moteur
0%
Cycle de réactions chimiques qui produit de l’énergie dans la mitochondrie Cycle de Krebs (ou cycle de l'acide citrique)
0%
Fonction des globules blancs Défense immunitaire
0%
Processus d'ingestion de particules par la cellule Endocytose
0%
Pression artérielle normale pour un adulte sain Environ 120/80 mmHg
0%
Type de tissu qui constitue l’épiderme Épithélium pavimenteux stratifié kératinisé
0%
Principal constituant de l'hémoglobine qui se lie à l’oxygène Fer (Fe²⁺)
0%
Principal neurotransmetteur inhibiteur du système nerveux central GABA (Acide gamma-aminobutyrique)
0%
Principal réservoir d’énergie stocké dans le foie Glycogène
0%
Principale différence entre l’ADN et l’ARN L’ADN est double-brin, l’ARN est simple-brin
0%
Principal réservoir de calcium dans l’organisme Les os
0%
Liaison chimique qui unit deux acides aminés Liaison peptidique
0%
Cellules qui produisent la mélanine Mélanocytes
0%
Quel type de muscle est le muscle cardiaque ? Muscle strié involontaire
0%
Principal gaz échangé par les alvéoles pulmonaires Oxygène et dioxyde de carbone (O₂ et CO₂)
0%
Principal cation intracellulaire Potassium (K⁺)
0%
Fonction des valves cardiaques Prévenir le reflux sanguin
0%
Rôle du foie dans la digestion Production de bile
0%
Rôle des mitochondries dans la cellule Production d’énergie sous forme d’ATP
0%
Rôle du système parasympathique Réguler les fonctions involontaires en état de repos
0%
Fonction principale des lymphocytes T Réponse immunitaire cellulaire
0%
Structure primaire des protéines Séquence d'acides aminés
0%
Ion principalement responsable de la dépolarisation des neurones Sodium (Na⁺)
0%
Trois types principaux de muscles dans le corps humain Squelettique, lisse, cardiaque
0%
Rôle de l’érythropoïétine dans l’organisme Stimuler la production de globules rouges
0%
Fonction principale des ribosomes Synthèse des protéines
0%
Aucun quiz correspondant
Distribution des résultats
% des personnes avec chaque résultat
Percentile par nombre de réponses
Votre historique - résultats
Vous n’avez pas pris ce quiz